000 00660nam a2200229Ia 4500
003 OSt
005 20220928124334.0
006 a|||||r|||| 00| 0
007 ta
008 220927b |||||||| |||| 00| 0 eng d
024 _a63952
037 _cTextual
040 _aSDCL
_cSDCL
_beng
041 _2eng
_aeng
082 _aZ1, K3;3
100 _aWaldock Sir Humpgrey Ed.
_9464485
245 0 _aLaw of Nations
_b An introduction to the international law of peace
260 _aGlasgow
_bOxford University press
_c1963
300 _axv;442p.
_ccm.
942 _hZ1, K3;3
_cTEXL
_2CC
999 _c777395
_d777395